000 00459nam a2200181Ia 4500
008 230524s9999 xx 000 0 und d
020 _a8174465065
082 _a406
_bGER
100 _aSharon J.Gerson
_928433
245 0 _aTechnical Writing : Process and Product
250 _a5TH
260 _aNEW DELHI
_bPearson
_c2008
300 _aXXIV;676
500 _aQuantity Number: 1
650 _aEnglish
700 _aSteven M.Gerson
_928434
942 _cBK
999 _c41376
_d41376